COMPUTER BASED INFORMATION PROCESSING TE (Record no. 8381)

MARC details
000 -LEADER
fixed length control field 00365nam a2200145Ia 4500
008 - FIXED-LENGTH DATA ELEMENTS--GENERAL INFORMATION
fixed length control field 240624s9999 xx 000 0 und d
041 ## - LANGUAGE CODE
Language code of text/sound track or separate title eng
082 ## - DEWEY DECIMAL CLASSIFICATION NUMBER
Classification number 020 SEH
100 ## - MAIN ENTRY--PERSONAL NAME
Personal name SEHGAL R L
245 ## - TITLE STATEMENT
Title COMPUTER BASED INFORMATION PROCESSING TE
260 ## - PUBLICATION, DISTRIBUTION, ETC.
Date of publication, distribution, etc. 2006
Place of publication, distribution, etc. New Delhi
Name of publisher, distributor, etc. Ess Ess Publications
300 ## - PHYSICAL DESCRIPTION
Extent 342 : p. : cm. ; 21
365 ## - TRADE PRICE
Currency code RS
Price amount 20
440 ## - SERIES STATEMENT/ADDED ENTRY--TITLE
Volume/sequential designation 2
Holdings
Withdrawn status Lost status Damaged status Not for loan Home library Current library Shelving location Date acquired Source of acquisition Cost, normal purchase price Total Holds Full call number Barcode Date last seen Copy number Price effective from Koha item type
        IMTN IMTN Rack 2-B 02/07/2008 WBD 1550.00 789 020 SEH 8381 06/24/2024 1 06/24/2024 Books
Designed & Maintained by: LRC IMT Nagpur Contact: lrc@imtnag.ac.in© 2024. All Rights Reserved.